Biblioteca

Leadership education in the local church (Registro nro. 38050)

Detalles MARC
000 -LÍDER
Campo fijo de descripción fija 01318aam a2200289 i 4500
001 - NÚMERO DE CONTROL
Campo de control 7846
003 - IDENTIFICADOR DEL NÚMERO DE CONTROL
Campo de control CO-MdFUSB
005 - FECHA Y HORA DE LA ULTIMA TRANSACCIÓN
control field 20230823123352.0
007 - CAMPO FIJO DE DESCRIPCIÓN FIJA--INFORMACIÓN GENERAL
Campo fijo de descripción fija ta
008 - ELEMENTOS DE LONGITUD FIJA -- INFORMACIÓN GENERAL
Campo fijo de descripción fija -- Información general 230823t1952 us ||||g |||| 00| 0 eng d
040 ## - FUENTE DE CATALOGACIÓN
Idioma de catalogación spa
Agencia de catalogación original CO-MdFUSB
Agencia que realiza la transcripción CO-MdFUSB
Agencia que realiza la modificación CO-MdFUSBC
Convenciones de la descripción rda
041 ## - CÓDIGO DE IDIOMA
Código de idioma para texto/pista de sonido o título separado eng
082 04 - NÚMERO DE CLASIFICACIÓN DECIMAL DEWEY
Número de la edición del Dewey 23
Número de clasificación 268.3
Clave de autor-Numero de item G995e
100 1# - ASIENTO PRINCIPAL--NOMBRE PERSONAL
Nombre personal Gwynn, Price H. (Henderson) (1892- )
Término relacionador autor
245 00 - TÍTULO
Título del Material Leadership education in the local church
Mención de responsabilidad, etc. / Price H. Gwynn, Jr.
264 #4 - PRODUCCIÓN, PUBLICACIÓN, DISTRIBUCIÓN, MANUFACTURA, Y COPYRIGHT
Lugar de producción, publicación, distribución, manufactura Philadelphia, PA., USA :
Nombre del productor, publicador, distribuidor The Westminster Press,
Fecha de producción, publicación, distribución, manufactura, o copyright ©1952
300 ## - DESCRIPCIÓN FÍSICA
Extensión 157 páginas
Dimensiones ; 21 cm
336 ## - TIPO DE CONTENIDO
Término de tipo de contenido texto
Código de tipo de contenido txt
Fuente rdacontent
337 ## - TIPO DE MEDIO
Fuente rdamedia
Nombre del tipo de medio sin mediación
Código del tipo de medio n
338 ## - TIPO DE SOPORTE
Fuente rdacarrier
Nombre del tipo de soporte volumen
Código Tipo de soporte nc
505 ## - NOTA DE CONTENIDO
Nota de contenido con formato preestablecido Principios básicos - Organizar y planificar el trabajo - Reclutar liderazgo - La conferencia de trabajadores - Planificación de lecciones - Cursos de educación de liderazgo en la iglesia local - Clases de educación de liderazgo comunitario - Capacitación para la extensión - Ayudas audiovisuales en educación de liderazgo - Autodesarrollo a través de la lectura y el estudio individual - Ayuda a los padres en el liderazgo religioso - Supervisión-entrenamiento
563 ## - NOTA DE ENCUADERNACIÓN
Nota de encuadernación Tapa dura
650 #7 - ASIENTO SECUNDARIO DE MATERIA - TERMINO TEMÁTICO
Fuente del encabezamiento o término embne
9 (RLIN) 7271
Término temático o nombre geográfico como elemento de entrada Liderazgo cristiano
942 ## - TIPO DE MATERIAL (KOHA)
Tipo de Item KOHA Libros General
945 ## - INFORMACIÓN LOCAL DEL REGISTRO
Catalogador AF
Existencias
Estado de Material Estado de Perdido Forma de Clasificación Estado de Dañado No para Préstamo Colección Tomo Biblioteca de Origen Biblioteca Permanente Fecha de Adquisición Total de Préstamos Signatura Topográfica Código de Barras Última vez visto Ejemplar/Existencia Fecha de Remplazo Tipo de Material
    Dewey Decimal Classification     Colección General   Biblioteca FUSBC Biblioteca FUSBC 11/01/2005   G 268.3 G995e 6444 12/12/2019 Ej. 1 26/01/2016 Libros General

Biblioteca FUSBC | Teléfono: (57+4) 349 88 10 Ext. 141| WhatsApp (+57) 3005338115 
E-mail: biblioteca@unisbc.edu.co | Calle 76 87-14 Robledo Palenque, Medellín, Colombia

Con tecnología Koha